| 000 | 01578nam a2200433Ii 4500 | ||
|---|---|---|---|
| 001 | DIGMETPES0113 | ||
| 003 | NyNyDIG | ||
| 008 | 231106s2023 cl a o 000 0 spa d | ||
| 006 | m o d | ||
| 007 | cr ||||||||||| | ||
| 035 | _a(OCoLC)1409625882 | ||
| 040 |
_aDGITA _beng _erda _epn _cDGITA |
||
| 020 |
_a9789566203261 _qeBook |
||
| 020 | _z9789566203254 | ||
| 041 | 1 |
_aspa _aeng |
|
| 050 | 1 | 4 | _aNX180.M68 ebook |
| 245 | 0 | 0 |
_aSostener el techo : _bexploraciones sobre arte y maternidad / _cSoledad Pinto y Paula Salas (eds.). |
| 264 | 1 |
_aSantiago de Chile : _bediciones / metales pesados, _c[2023] |
|
| 300 |
_a1 online resource : _billustrations. |
||
| 336 |
_atext _btxt _2rdacontent |
||
| 337 |
_acomputer _bc _2rdamedia |
||
| 338 |
_aonline resource _bcr _2rdacarrier |
||
| 347 |
_atext file _2rdaft |
||
| 347 | _bPDF | ||
| 546 | _aText in Spanish and English. | ||
| 588 | 0 | _aOnline resource; title from PDF title page (Digitalia, viewed November 6, 2023) | |
| 650 | 0 | _aMotherhood and the arts. | |
| 650 | 0 | _aFeminism. | |
| 650 | 0 | _aArt and society. | |
| 650 | 0 | _aWomen artists. | |
| 700 | 1 |
_aPinto, Soledad, _d1978- _eeditor. |
|
| 700 | 1 |
_aSalas, Paula, _eeditor. |
|
| 791 | 2 |
_aDigitalia (Firm), _edistributor. |
|
| 793 | 0 |
_gDigitalia eBook Collection: _aMetales pesados |
|
| 776 | 0 | 8 |
_iPrint version: _tSostener el techo. _dSantiago de Chile : ediciones / metales pesados, [2023] _z9789566203254 |
| 856 | 4 | 0 |
_3Digitalia Hispánica _uhttps://www.digitaliapublishing.com/a/129560/ |
| 910 | _aPremium collection: 2023 | ||
| 942 | _cRAA | ||
| 999 |
_c280382 _d280382 |
||